LEADER 01979nam 2200517 450 001 9910794357403321 005 20230427162822.0 010 $a1-000-79160-2 010 $a1-00-333729-5 010 $a1-003-33729-5 010 $a1-000-79472-5 010 $a1-5231-3886-6 010 $a87-7022-199-5 035 $a(CKB)4100000011392801 035 $a(MiAaPQ)EBC6300571 035 $a(MiAaPQ)EBC30251793 035 $a(Au-PeEL)EBL30251793 035 $a(EXLCZ)994100000011392801 100 $a20201220d2020 uy 0 101 0 $aeng 135 $aurcnu|||||||| 181 $ctxt$2rdacontent 182 $cc$2rdamedia 183 $acr$2rdacarrier 200 10$aBasic cardiovascular physiology $efrom molecules to translational medical science /$fPasquale Pagliaro, Claudia Penna and Raffaella Rastaldo 205 $a1st ed. 210 1$aGistrup, Denmark :$cRiver Publishers,$d[2020] 210 4$dİ2020 215 $a1 online resource (438 pages) 225 1 $aRiver publishers series in research and business chronicles: biotechnology and medicine 311 0 $a87-7022-200-2 330 $aThis book focuses on established cardiovascular principles and highlights some of the progress achieved by recent research in the cardiovascular field. The book describes the structure and function of the heart and vascular system for the reader to understand how the cardiovascular system responds in both health and disease. 410 0$aRiver publishers series in research and business chronicles: biotechnology and medicine. 606 $aCardiovascular system$xPhysiology 615 0$aCardiovascular system$xPhysiology. 676 $a612.1 700 $aPagliaro$b Pasquale$01561011 702 $aPenna$b Claudia 702 $aRastaldo$b Raffaella 801 0$bMiAaPQ 801 1$bMiAaPQ 801 2$bMiAaPQ 906 $aBOOK 912 $a9910794357403321 996 $aBasic cardiovascular physiology$93827398 997 $aUNINA